Investigación científica en ciencias de la salud/ (Registro nro. 9393)

Detalles MARC
000 -LEADER
fixed length control field 01053nam a2200229Ia 4500
005 - FECHA Y HORA DE LA ÚLTIMA TRANSACCIÓN
control field 20230918144607.0
008 - FIXED-LENGTH DATA ELEMENTS--GENERAL INFORMATION
fixed length control field 230912s9999 xx 000 0 und d
020 ## - INTERNATIONAL STANDARD BOOK NUMBER
International Standard Book Number 970-102-690-X
040 ## - CATALOGING SOURCE
Original cataloging agency UPAN
Transcribing agency Biblioteca San Vicente
Description conventions RCAA2
041 ## - LANGUAGE CODE
Language code of text/sound track or separate title spa
082 ## - DEWEY DECIMAL CLASSIFICATION NUMBER
Classification number 001.433 024 613
Item number P655i
año de publicación 2000
100 ## - MAIN ENTRY--PERSONAL NAME
Personal name Polit, Denise F.
Relator code aut.
245 #0 - TITLE STATEMENT
Title Investigación científica en ciencias de la salud/
Statement of responsibility, etc Denise F. Polite, Bernadette p. Hungler
250 ## - EDITION STATEMENT
Edition statement 6° ed.
260 ## - PUBLICATION, DISTRIBUTION, ETC. (IMPRINT)
Place of publication, distribution, etc México:
Name of publisher, distributor, etc McGraw Hill,
Date of publication, distribution, etc 2000
300 ## - PHYSICAL DESCRIPTION
Extent 715 p.;
Dimensions 29 cm.
505 ## - FORMATTED CONTENTS NOTE
Formatted contents note Parte I: Proceso de investigación científica<br/>Parte II: Contexto de la investigación en ciencias de la salud<br/>Parte III: Diseño para la investigación en las ciencias de la salud<br/>Parte IV: Medición y colecta de datos<br/>Parte V: Análisis de los datos de información<br/>Parte VI:Comunicacion en el proceso de investigacion<br/><br/>
650 ## - SUBJECT ADDED ENTRY--TOPICAL TERM
Source of heading or term LEMB
General subdivision Metodologia de la investigación
9 (RLIN) 2
650 ## - SUBJECT ADDED ENTRY--TOPICAL TERM
Source of heading or term LEMB
General subdivision Ciencias de la salud
9 (RLIN) 4
700 ## - ADDED ENTRY--PERSONAL NAME
Personal name Hungler, Bernadette P.
Relator code aut.
942 ## - ADDED ENTRY ELEMENTS (KOHA)
Koha item type Libros
Source of classification or shelving scheme Dewey Decimal Classification
Existencias
Withdrawn status Lost status Source of classification or shelving scheme Damaged status Not for loan Collection code Home library Current library Date acquired Total Checkouts Full call number Barcode Date last seen Copy number Price effective from Koha item type
    Dewey Decimal Classification     Colección General Biblioteca UPAN San Vicente Biblioteca UPAN San Vicente 12/09/2023   001.433 024 613 P655i 12000015 12/09/2023 01 12/09/2023 Libros